000 00422nam a2200157Ia 4500
008 231031s1989 xx 000 0 und d
020 _a9780813815602
041 _aeng
082 _a519.5/GEO/WIL
100 _aGeorge Waddel Snedecor, William Gemmell Cochran
245 _aStatistical Methods
250 _a8th Ed.
260 _aDelhi.
_bAffiliated East West Press
_c1989
300 _axy, 503
650 _aStatistics
999 _c917164
_d917164